| 000 | 01252 a2200289 4500 | ||
|---|---|---|---|
| 001 | 36977 | ||
| 005 | 20260407155641.0 | ||
| 008 | 260407a1989 arg spa d | ||
| 003 | AR-UNSa-BCEJYS | ||
| 040 |
_aAR-UNSa-BCEJYS _bspa _cAR-UNSa-BCEJYS |
||
| 080 |
_a342.4 _xConstituciones. Asambleas legislativas. Asambleas nacionales (Reforma...) |
||
| 245 | 1 | 0 |
_aLas nuevas constituciones provinciales _pCatamarca, Córdoba, Jujuy, La Rioja, Río Negro, Salta, San Juan, San Luis, Santiago del Estero |
| 020 | _a950-14-0508-7 | ||
| 264 | 1 |
_aBuenos Aires : _bEdiciones Depalma _c1989 |
|
| 300 |
_axix, 268 p. _c23 cm. |
||
| 505 | _a1. Los Preámbulos - 2. Principios y declaraciones - 3. Derechos - 4. Deberes - 5. Garantías - 6. Cultura y educación - 7. Economía y finanzas - 8. Poder Legislativo - 9. El Poder Ejecutivo - 10. Poder Judicial - 11. Ministerio Público - 12. Régimen Municipal - | ||
| 041 | _aspa | ||
| 942 | _cBK | ||
| 590 | _aniveau_biblio:m niveau_hierar:0 | ||
| 100 | 1 | _aCordeiro Pinto, Luis | |
| 700 | 1 | _aFrías, Pedro José | |
| 700 | 1 | _aGodoy, José Daniel | |
| 700 | 1 | _aHernández, Antonio María (h) | |
| 700 | 1 | _aIturrez, Arturo Horacio | |
| 700 | 1 | _aVergara, Ricardo Alberto | |
| 700 | 1 | _aZarza Mensaque, Alberto | |
| 999 |
_c2696 _d2696 |
||